Datos para la biografía del doctor D. Manuel Alonso Sañudo : (Record no. 122864)

MARC details
000 -LEADER
campo de control de longitud fija 00838nam a2200193 i 4500
001 - NÚMERO DE CONTROL
campo de control 122864
003 - IDENTIFICADOR DE NÚMERO DE CONTROL
campo de control ES-MaACL
005 - FECHA Y HORA DE LA ÚLTIMA TRANSACCIÓN
campo de control 20250928132908.0
007 - CAMPO FIJO DE DESCRIPCIÓN FÍSICA--INFORMACIÓN GENERAL
campo de control de longitud fija t|
008 - DATOS DE LONGITUD FIJA--INFORMACIÓN GENERAL
campo de control de longitud fija 070214s1916 sp f |||| |bspa d
100 1# - ENTRADA PRINCIPAL--NOMBRE DE PERSONA
Nombre de persona Pulido, Ángel,
Fechas asociadas al nombre 1852-1932
9 (RLIN) 149324
245 13 - MENCIÓN DEL TÍTULO
Título Datos para la biografía del doctor D. Manuel Alonso Sañudo :
Resto del título académico de número de la Real de Medicina... /
Mención de responsabilidad, etc. escrita en virtud de nombramiento de dicha corporación y leída en sus sesiones públicas del año 1916 por Ángel Pulido y Fernández.
260 ## - PUBLICACIÓN, DISTRIBUCIÓN, ETC.
Lugar de publicación, distribución, etc. Madrid :
Nombre del editor, distribuidor, etc. [s.n.],
Fecha de publicación, distribución, etc. 1916 (
Fabricante Tip. de los Hijos de Tello)
300 ## - DESCRIPCIÓN FÍSICA
Extensión 81 p., [1] h. lám. retr. ;
Dimensiones 24 cm.
600 27 - PUNTO DE ACCESO ADICIONAL DE MATERIA--NOMBRE DE PERSONA
Nombre de persona Alonso Sañudo, Manuel,
Fechas asociadas al nombre 1856-1912
Fuente del encabezamiento o término
9 (RLIN) 125623
710 2# - ENTRADA AGREGADA--NOMBRE DE ENTIDAD CORPORATIVA
Nombre de entidad corporativa o nombre de jurisdicción como elemento de entrada Real Academia de Medicina de Madrid
9 (RLIN) 6318
852 ## - LOCALIZACIÓN
Ubicación ES-MaACL
Número de control de estantería 1543-F-18
Holdings
Estatus retirado Estado de pérdida Estado de daño No para préstamo Colección Biblioteca de origen Biblioteca actual Ubicación en estantería Fecha de adquisición Fuente de adquisición Total de préstamos Signatura topográfica completa Código de barras Visto por última vez Precio de reemplazo Tipo de ítem Koha
        Colección de folletos Biblioteca del Ateneo de Madrid Biblioteca del Ateneo de Madrid Depósito folletos 17/01/2008     1543-F-18 1128024 23/02/2023 23/02/2023 Folleto